| 000 | 00811nam a2200229Ii 4500 | ||
|---|---|---|---|
| 003 | JO-AjNU | ||
| 008 | 230605s9999||||xx |||||||||||||| ||und|| | ||
| 017 | _a1992/6/2009 | ||
| 020 | _a978-9957-07-676-4 | ||
| 040 |
_aJO-AjNU _bara _erda _cJO-AjNU |
||
| 041 | _aara | ||
| 050 | 1 | 4 | _aPJ6106.A24 2010 |
| 100 | 3 |
_aاعداد أل خوار، خلود بنت دخيل ؛ تقديم : الموسى، نهاد؛ أسماعيل عمايرة, _eauthor _943219 |
|
| 245 | 0 | 0 | _aمغني الألباب عن كتب الصرف والإعراب 2/2 |
| 250 | _aط1 | ||
| 264 | 3 | 1 | _aعمان: دار الفكر،2010 |
| 300 | _a376ص | ||
| 336 |
_atext _btxt _2rdacontent |
||
| 337 |
_aunmediated _bn _2rdamedia |
||
| 338 |
_avolume _bnc _2rdacarrier |
||
| 650 | 4 |
_aقواعد اللغة-اللغة العربية _943220 |
|
| 999 |
_aA18565 _c22133 _d22133 |
||